Największe miasta II RP - Statystyki

Ogólne statystyki
  • Ten quiz został rozwiązany 305 razy
  • Średni wynik to 12 z 16
Statystyki odpowiedzi
Hint Odpowiedź % Poprawnych
1 178 914 Warszawa
100%
221 260 Kraków
98%
316 177 Lwów
96%
246 698 Poznań
94%
196 383 Wilno
94%
605 467 Łódź
88%
127 044 Katowice
87%
91 335 Białystok
86%
112 539 Lublin
81%
117 528 Bydgoszcz
74%
58 397 Kielce
70%
78 073 Radom
61%
117 588 Częstochowa
59%
60 256 Stanisławów
55%
109 454 Sosnowiec
48%
80 734 Chorzów
34%
Nie znaleziono quizów pasujących do podanych kryteriów
Rozkład punktacji
Procent ludzi z każdym wynikiem
Percentyl według liczby udzielonych odpowiedzi
Twoja historia wyników
Nie rozwiązałeś tego quizu